Пятизначные таблицы логарифмов чисел и тригонометрических величин с прибавлением логарифмов Гаусса, натуральных тригонометрических величин и некоторых других таблиц

Dades bibliogràfiques
Autor principal: Пржевальский Е.
Sumari:Третье издание одобрено Ученым Комитетом Министерства Народного Просвещения как пособие.
Idioma:rus
Publicat: Москва, Типография Г. Лисснера и А. Гешеля, преемн. Э. Лисснера и Ю. Романа, 1898
Edició:8-е, стереотипное изд.
Matèries:
Format: MixedMaterials Llibre
KOHA link:https://koha.lib.tpu.ru/cgi-bin/koha/opac-detail.pl?biblionumber=271263

MARC

LEADER 00000nam0a2200000 4500
001 271263
005 20231101234424.0
035 |a (RuTPU)RU\TPU\book\294444 
035 |a RU\TPU\book\277747 
090 |a 271263 
100 |a 20141006d1898 km y0rusy50 ca 
101 0 |a rus 
102 |a RU 
105 |a y go 000zy 
200 1 |a Пятизначные таблицы логарифмов чисел и тригонометрических величин с прибавлением логарифмов Гаусса, натуральных тригонометрических величин и некоторых других таблиц  |f Е. Пржевальский 
205 |a 8-е, стереотипное изд. 
210 |a Москва  |c Типография Г. Лисснера и А. Гешеля, преемн. Э. Лисснера и Ю. Романа  |d 1898 
215 |a 168 с.  |c табл. 
300 |a Третье издание одобрено Ученым Комитетом Министерства Народного Просвещения как пособие. 
316 |5 63413507: 2//139  |a На титульном листе владельческая надпись: В. Покровский. 
606 1 |a Логарифмы  |x Таблицы  |2 stltpush  |3 (RuTPU)RU\TPU\subj\40550  |9 60395 
610 1 |a тригонометрические функции 
610 1 |a логарифмы 
610 1 |a таблицы 
610 1 |a владельческая надпись 
675 |a 519.662  |v 3 
700 1 |a Пржевальский  |b Е. 
801 1 |a RU  |b 63413507  |c 20140327 
801 2 |a RU  |b 63413507  |c 20200714  |g RCR 
942 |c BK